What and how of memorandum of understanding (Record no. 354250)

000 -LEADER
fixed length control field 00445cam a22001337a 4500
008 - FIXED-LENGTH DATA ELEMENTS--GENERAL INFORMATION
fixed length control field 180718b1987 xxu||||| |||| 00| 0 eng d
082 ## - DEWEY DECIMAL CLASSIFICATION NUMBER
Classification number U6x54 Se75
100 ## - MAIN ENTRY--PERSONAL NAME
Personal name Sethi, Krishan C.
245 ## - TITLE STATEMENT
Title What and how of memorandum of understanding
Statement of responsibility, etc. by Krishan C. Sethi and Waris R. Kidwai
260 ## - PUBLICATION, DISTRIBUTION, ETC.
Place of publication, distribution, etc. New Delhi
Name of publisher, distributor, etc. Standing Conference of Public Enterprises
Date of publication, distribution, etc. 1987
300 ## - PHYSICAL DESCRIPTION
Extent 42p.
650 ## - SUBJECT ADDED ENTRY--TOPICAL TERM
Topical term or geographic name entry element Government Enterprise - India
700 ## - ADDED ENTRY--PERSONAL NAME
Personal name Waris R. Kidwai
Holdings
Withdrawn status Lost status Damaged status Not for loan Permanent Location Current Location Date acquired Full call number Barcode Date last seen Price effective from Koha item type
        Indian Institute of Public Administration Indian Institute of Public Administration 2010-02-25 U6x54 Se75 63550 2018-07-21 2018-07-21 Book

Powered by Koha